Cactées

Αποθηκεύτηκε σε:
Λεπτομέρειες βιβλιογραφικής εγγραφής
Κύριος συγγραφέας: A Bertrand
Μορφή: Βιβλίο
Γλώσσα:Undetermined
Έκδοση: Paris Maison Ruâtique 1965
Θέματα:
Ετικέτες: Προσθήκη ετικέτας
Δεν υπάρχουν, Καταχωρήστε ετικέτα πρώτοι!
Thư viện lưu trữ: Trung tâm Học liệu Trường Đại học Cần Thơ
LEADER 00441nam a2200169Ia 4500
001 CTU_13441
008 210402s9999 xx 000 0 und d
082 |a 635.96 
082 |b B548 
100 |a A Bertrand 
245 0 |a Cactées 
245 2 |c A Bertrand, A Guillaumin 
260 |a Paris 
260 |b Maison Ruâtique 
260 |c 1965 
650 |a cactus,plants, ornamental 
980 |a Trung tâm Học liệu Trường Đại học Cần Thơ